Portuguese soccer players scoring during the World Cup - Statistics

General Stats
  • This quiz has been taken 341 times
    249 since last reset
  • The average score is 11 of 28
Answer Stats
Goals Year(s) Player % Correct
8 2006, 2010, 2014, 2018, 2022 Cristiano Ronaldo
100%
9 1966 Eusébio
94%
2 2018, 2022 Pepe
79%
2 2022 Bruno Fernandes
77%
3 2022 Gonçalo Ramos
70%
1 2014 Nani
63%
1 2018 Quaresma
63%
1 2006 Deco
62%
2 2022 Rafael Leão
59%
1 2002 Rui Costa
58%
1 2022 João Félix
57%
4 2002, 2006 Pauleta
52%
1 2006 Nuno Gomes
43%
2 2006 Maniche
38%
1 2010 Tiago Mendes
37%
1 2022 Raphaël Guerreiro
35%
1 2010 Raul Meireles
27%
1 2010 Hugo Almeida
25%
2 2006, 2010 Simão
25%
1 2022 Ricardo Horta
17%
1 2014 Varela
13%
3 1966 José Torres
11%
1 2010 Liédson
11%
3 1966 José Augusto
9%
1 1966 António Simões
6%
1 2002 Beto
6%
1 1986 Diamantino
6%
1 1986 Carlos Manuel
5%
No matching quizzes found
Score Distribution
Percent of People with Each Score
Percentile by Number Answered
Your Score History
You have not taken this quiz since the last reset